000 00773nam a2200241Ia 4500
003 OSt
005 20220923221131.0
006 a|||||r|||| 00| 0
007 ta
008 220922b |||||||| |||| 00| 0 hin d
024 _a195,553
037 _cTextual
040 _aARTS
_cARTS
_bhin
041 _2hin
_ahin
082 _aR3xM88:11, 152L3
100 _aराधाकृष्णन
245 0 _aधर्म
_b तुलनात्मक दृष्टि में
246 _aDharma: tulanātmak dṛuṣhṭi mean
260 _aदिल्ली
_b राजपाल एण्ड संस
_c1973
300 _a102पृ.
_ccm.
942 _hR3xM88:11, 152L3
_cTEXL
_2CC
999 _c347697
_d347697